000 00837nam a2200229 a 4500
001 000031566
003 OSt
005 20240229073937.0
007 ta
008 110627s1952 dr 000 0 spa d
040 _aDO-SdBNP
_bspa
_cBNPHU
082 4 _a320.97293053
_bR426a
_222
110 1 _aRepública Dominicana.
_bPresidente (1942-1952 : Trujillo Molina)
_957164
245 1 0 _aAddress to the National Assembly of the Dominican Republic /
_cRafael L. Trujillo Molina.
260 _aCiudad Trujillo, República Dominicana :
_bEditora del Caribe,
_c1952.
300 _a52 p. ;
_c22 cm.
590 _aInventariado, 2019/VM
651 4 _aRepública Dominicana
_xPolítica y gobierno
_y(1930-1961)
_9479
700 1 _aTrujillo Molina, Rafael Leónidas,
_d 1891-1961
_976764
910 _aValidado. Control de calidad MFF
942 _2ddc
_cLF2
999 _c31058
_d31058